000 00434nam a2200181Ia 4500
001 24211
005 20260414151028.0
008 260414t2010||||xx |||||||||||||| ||spa||
041 _aESP
082 _a792.09
_bO44 2010
100 _aOliva, César
_eAUT
245 0 _aHistoria básica del arte escénico
_b
260 _c2010
300 _a521 páginas :
_c21 cm.
650 _aABD
654 _aCAU
942 _cLIB
_dJUS
_fJUS
_2ddc
_n
999 _c24211
_d24211